Hydraulics (Record no. 547825)

000 -LEADER
fixed length control field 00409nam a22001577a 4500
082 ## - DEWEY DECIMAL CLASSIFICATION NUMBER
Classification number 627
Author Mark KIN
-- L-22, P-33
100 ## - MAIN ENTRY--PERSONAL NAME
Personal name H. W. King
9 (RLIN) 43960
245 ## - TITLE STATEMENT
Title Hydraulics
250 ## - EDITION STATEMENT
Edition statement 5th ed.
260 ## - PUBLICATION, DISTRIBUTION, ETC.
Place of publication, distribution, etc. New York
Name of publisher, distributor, etc. Jhon willey & son, inc.
Date of publication, distribution, etc. 1922
300 ## - PHYSICAL DESCRIPTION
Extent xii, 351 p.
Other physical details illu.
526 ## - STUDY PROGRAM INFORMATION NOTE
Program name 0
Interest level 0
Reading level 0
Title point value 627_000000000000000_KIN
650 ## - SUBJECT ADDED ENTRY--TOPICAL TERM
Topical term or geographic name entry element MCE
9 (RLIN) 379
700 ## - ADDED ENTRY--PERSONAL NAME
Personal name Chester O. Wisler
9 (RLIN) 43961
942 ## - ADDED ENTRY ELEMENTS (KOHA)
Source of classification or shelving scheme
Koha item type Book
Holdings
Withdrawn status Lost status Source of classification or shelving scheme Damaged status Not for loan Permanent Location Current Location Date acquired Total Checkouts Full call number Barcode Date last seen Price effective from Koha item type
          Military College of Engineering (MCE) Military College of Engineering (MCE) 08/07/2014   627 KIN MCE-30194 08/07/2014 08/07/2014 Book
© 2023 Central Library, National University of Sciences and Technology. All Rights Reserved.